| 000 | 00390nam a2200133Ia 4500 | ||
|---|---|---|---|
| 005 | 20251222143112.0 | ||
| 008 | 251222s9999||||xx |||||||||||||| ||spa|| | ||
| 020 | _a84-7434-509-X | ||
| 082 | _a331.71/D51 | ||
| 100 | _aDelamotte, Yves | ||
| 245 | 0 | _aEl Personal Jerárquico de las Empresas en un Mundo en Transformación | |
| 264 | _bMinisterio de Trabajo y Seguridad Social | ||
| 942 | _cLIB | ||
| 999 |
_c11217 _d11217 |
||